00519nam a2200217Ia 450000500170000000800460001702000180006303700100008104000080009104000080009904000080010704100080011504100080012308400080013110000100013924500560014926000310020526000090023665000160024585600400026120260306163639.0008 260114s9999 xx 000 0 eng d a9781474427074 aEBOOK aCRL beng cCRL 2eng aeng qCRL aBanko 4aThe Invention Of Palestinian Citizenship, 1918-1947 bEdinburgh University Press c2018 aSocial Work uhttps://academic.oup.com/book/30560